Normal view
MARC view
- Arumugam S.,Isaac A.T. & Somasundaram A
Entry Personal Name
001 - CONTROL NUMBER
- control field: 188034
003 - CONTROL NUMBER IDENTIFIER
- control field: OSt
005 - DATE AND TIME OF LATEST TRANSACTION
- control field: 20230714210854.0
008 - FIXED-LENGTH DATA ELEMENTS
- fixed length control field: 230714|| aca||aabn | a|a d
040 ## - CATALOGING SOURCE
- Original cataloging agency: OSt
- Transcribing agency: OSt
100 ## - HEADING--PERSONAL NAME
- Personal name: Arumugam S.,Isaac A.T. & Somasundaram A
670 ## - SOURCE DATA FOUND
- Source citation: Work cat.: (OSt)181356: Arumugam S. 141143, Engineering Mathematics, 2001